000
00308nam a2200133Ia 4500
005
20251222142030.0
008
251222s9999||||xx |||||||||||||| ||spa||
020
_a
84-8266-000-4
082
_a
759.45/C72
100
_a
Cobo, Chema
245
0
_a
El Laberinto de la Brújula
264
_b
Vegap
942
_c
LIB
999
_c
10952
_d
10952